[Event "15th ETC"]
[Site "Gothenburg SWE"]
[Date "2005.07.30"]
[Round "1"]
[White "Zelcic,R"]
[Black "Bareev,E"]
[Result "0-1"]
[WhiteElo "2522"]
[BlackElo "2688"]
[EventDate "2005.07.30"]

1. e4 e6 2. d4 d5 3. Nc3 Nf6 4. Bg5 dxe4 5. Nxe4 Be7 6. Bxf6 Bxf6 7. Nf3
O-O 8. Bc4 Nd7 9. Qe2 a6 10. O-O-O b5 11. Bb3 Bb7 12. d5 exd5 13. Bxd5 c6
14. Bb3 Qc7 15. Rhe1 c5 16. Bd5 Bxd5 17. Rxd5 Be7 18. Kb1 Rae8 19. Rd3 Bd8
20. Re3 Qc6 21. Qd3 Bc7 22. Nc3 Rxe3 23. Qxe3 Ba5 24. Re2 c4 25. Qe4 Qxe4
26. Nxe4 Re8 27. c3 Bb6 28. Rd2 Rxe4 29. Rxd7 h6 30. Rd2 g5 31. Kc2 Rf4 32.
h3 f6 33. a4 bxa4 34. Nd4 Kf7 35. g3 Re4 36. Nf5 Bc5 37. Nxh6+ Ke6 38. Ng4
Re1 39. Rd8 Re2+ 40. Kb1 f5 41. Re8+ Be7 42. Ne3 Rxf2 43. g4 Kd7 44. Ra8 f4
45. Ra7+ Ke8 46. Nf5 Re2 47. Nd4 Re3 48. Nf5 Re1+ 49. Kc2 f3 0-1

[Event "15th ETC"]
[Site "Gothenburg SWE"]
[Date "2005.07.30"]
[Round "1"]
[White "Timofeev,Arty"]
[Black "Dizdar,G"]
[Result "1-0"]
[WhiteElo "2661"]
[BlackElo "2518"]
[EventDate "2005.07.30"]

1. e4 e6 2. d4 d5 3. Nd2 c5 4. Ngf3 Nf6 5. e5 Nfd7 6. c3 Nc6 7. Bd3 g6 8.
h4 h6 9. a3 a5 10. O-O g5 11. hxg5 hxg5 12. g4 Qb6 13. Qa4 Be7 14. Re1 Qc7
15. Nf1 Rg8 16. Ng3 c4 17. Bh7 Rg7 18. Bb1 Nf8 19. Nh5 Rg8 20. Be3 Bd7 21.
Qd1 O-O-O 22. Qd2 Ng6 23. Bxg6 Rxg6 24. Bxg5 Rdg8 25. Bxe7 Rxg4+ 26. Kf1
Nxe7 27. Nf6 Nf5 28. Nxg8 Rxg8 29. Ke2 Ba4 30. Rg1 Qd8 31. Rxg8 Qxg8 32.
Rg1 Qh7 33. Qc1 Ne7 34. Ne1 Qh5+ 35. f3 Ng6 36. Rg4 Qf5 37. Kf2 b6 38. Ng2
Qh5 39. Kg3 Qh7 40. Ne3 Ne7 41. Qf1 Bc2 42. Rh4 Qg8+ 43. Kh2 Ng6 44. Qg2
Bd3 45. Qg5 Qe8 46. Rg4 Kb7 47. Qh6 Ka6 48. Qg7 Kb5 49. f4 Be4 50. f5 exf5
51. Rg5 Qd8 52. Qh6 Qd7 53. Qg7 Qd8 54. Qh6 Qd7 55. Qh5 Nf4 56. Qh8 Ng6 57.
Qf6 f4 58. Nf5 Ka6 59. Nd6 Nh4 60. Rg8 Nf3+ 61. Kg2 Nxe5+ 62. Nxe4 f3+ 63.
Kg3 dxe4 64. Qxe5 f6 65. Ra8+ 1-0

[Event "15th ETC"]
[Site "Gothenburg SWE"]
[Date "2005.07.30"]
[Round "1"]
[White "Avrukh,B"]
[Black "Mihalcisin,A"]
[Result "1-0"]
[WhiteElo "2652"]
[BlackElo "2526"]
[EventDate "2005.07.30"]

1. d4 Nf6 2. c4 e6 3. g3 d5 4. Bg2 dxc4 5. Nf3 c5 6. O-O Nc6 7. Na3 cxd4 8.
Nxc4 Bc5 9. a3 a5 10. Bf4 O-O 11. Rc1 Bd7 12. Nd6 Qb6 13. Nxb7 Be7 14. Ne5
Nxe5 15. Bxe5 Nd5 16. Bxd5 exd5 17. Rc7 Bf6 18. Rxd7 Bxe5 19. Rxd5 Rfe8 20.
Nc5 Qc6 21. Qb3 Bd6 22. Rc1 Rxe2 23. Nd3 Qa6 24. Rxd4 h6 25. Qd5 Be7 26.
Qf3 Re6 27. Nf4 Re5 28. Nd5 Rb8 29. Kg2 Bg5 30. Rc7 Rf8 31. h4 Bd8 32. Rd7
Qc8 33. Rd6 Re1 34. Rd1 Rxd1 35. Qxd1 Qb7 36. Kg1 Kh8 37. Qd4 Kh7 38. Qe4+
Kh8 39. Qe5 Kh7 40. b4 axb4 41. axb4 Qc8 42. b5 Ba5 43. b6 Re8 44. Ne7 Qc1+
45. Kg2 Qb1 46. Qxa5 Rxe7 47. Qd5 Re1 48. b7 Rg1+ 49. Kh2 Rf1 50. Qf3 Qc2
51. Kg2 Rb1 52. Rd8 1-0

[Event "15th ETC"]
[Site "Gothenburg SWE"]
[Date "2005.07.30"]
[Round "1"]
[White "Lenic,L"]
[Black "Erenburg,S"]
[Result "0-1"]
[WhiteElo "2463"]
[BlackElo "2595"]
[EventDate "2005.07.30"]

1. d4 d5 2. c4 c6 3. Nf3 Nf6 4. e3 Bf5 5. Nc3 e6 6. Nh4 Bg6 7. Nxg6 hxg6 8.
g3 Nbd7 9. Bg2 Be7 10. O-O dxc4 11. Qe2 O-O 12. Qxc4 e5 13. Rd1 exd4 14.
Rxd4 Qc7 15. Qe2 Nc5 16. b3 Ne6 17. Rd1 Qa5 18. Bd2 Qb6 19. Na4 Qc7 20. Bc3
Rfd8 21. Rac1 Rxd1+ 22. Rxd1 Rd8 23. Nb2 Nd5 24. Be1 Bf6 25. Nc4 Qe7 26.
Kf1 Ng5 27. Qc2 Qc5 28. e4 Nb6 29. Rxd8+ Bxd8 30. Qd3 Qe7 31. Bb4 Qc7 32.
f4 Nxc4 33. Qxc4 Nh7 34. Qd4 a5 35. Bc3 Bf6 36. e5 Be7 37. Bh3 Nf8 38. Qa7
Bb4 39. Bxb4 axb4 40. Qc5 Qd8 41. Qd6 Qa5 42. Qd2 Qc5 43. Bg4 g5 44. f5
Qxe5 45. Qxg5 Qa1+ 46. Kg2 Qxa2+ 47. Kh3 Qxb3 48. f6 Ng6 49. Qf5 gxf6 50.
Qxf6 Qc3 51. Qd8+ Kg7 52. Qb6 Nf4+ 0-1

[Event "15th ETC"]
[Site "Gothenburg SWE"]
[Date "2005.07.30"]
[Round "1"]
[White "Illescas Cordoba,M"]
[Black "Ivanchuk,V"]
[Result "0-1"]
[WhiteElo "2624"]
[BlackElo "2752"]
[EventDate "2005.07.30"]

1. Nf3 g6 2. e4 d6 3. d4 Nf6 4. Nc3 c6 5. g3 b5 6. a3 Bg4 7. h3 Bxf3 8.
Qxf3 Nbd7 9. e5 dxe5 10. dxe5 Nxe5 11. Qe2 Nfd7 12. Bg2 Bg7 13. O-O O-O 14.
Rd1 Rc8 15. a4 a6 16. axb5 axb5 17. Bf4 b4 18. Ne4 Qb6 19. b3 Rfd8 20. Be3
Qb5 21. Qxb5 cxb5 22. Ra5 Rb8 23. Rd5 Nc6 24. Raxb5 Rxb5 25. Rxb5 Nf8 26.
Nf6+ Bxf6 27. Bxc6 Bc3 28. Bd5 Nd7 29. Kf1 e6 30. Bg2 Nf6 31. Ke2 h5 32.
Bf3 Kg7 33. g4 hxg4 34. hxg4 Rd6 35. g5 Nd7 36. Ra5 Nf8 37. Bf4 Rd7 38. Bc6
Rd8 39. Be3 Nh7 40. Ra8 Rd6 41. Rc8 Bd4 42. Bd2 Bc3 43. Be3 Bd4 44. Bc1 Bc3
45. Rc7 Rd8 46. Ra7 Rc8 47. Bd7 Rd8 48. Be3 Nf8 49. Bc6 Nh7 50. Rd7 Rc8 51.
Bb7 Rb8 52. Ba6 Nf8 53. Rc7 Rd8 54. Bb5 Ra8 55. Bc6 Ra5 56. Be8 Rf5 57. Kd3
Nh7 58. f4 e5 59. fxe5 Bxe5 60. Rb7 0-1

[Event "15th ETC"]
[Site "Gothenburg SWE"]
[Date "2005.07.30"]
[Round "1"]
[White "Moiseenko,A"]
[Black "Lopez Martinez,J"]
[Result "1-0"]
[WhiteElo "2664"]
[BlackElo "2507"]
[EventDate "2005.07.30"]

1. d4 Nf6 2. c4 d6 3. Nc3 e5 4. Nf3 e4 5. Ng5 Qe7 6. f3 exf3 7. gxf3 g6 8.
e4 Bg7 9. Nh3 Bxh3 10. Bxh3 Nxe4 11. Nxe4 Qh4+ 12. Nf2 Bxd4 13. O-O Bxf2+
14. Kg2 Bd4 15. Re1+ Kd8 16. Re4 Qf2+ 17. Kh1 Bf6 18. Be3 Qxb2 19. Rb1 Qc3
20. Qd5 Nc6 21. c5 Be7 22. cxd6 1-0

[Event "15th ETC"]
[Site "Gothenburg SWE"]
[Date "2005.07.30"]
[Round "1"]
[White "Kuzubov,Y"]
[Black "Del Rio Angelis,S"]
[Result "1-0"]
[WhiteElo "2535"]
[BlackElo "2470"]
[EventDate "2005.07.30"]

1. d4 Nf6 2. c4 e6 3. Nc3 c5 4. d5 exd5 5. cxd5 d6 6. e4 g6 7. f4 Bg7 8.
Bb5+ Nfd7 9. a4 O-O 10. Nf3 Na6 11. O-O Nb4 12. Re1 a6 13. Bf1 Re8 14. h3
b6 15. Be3 Bb7 16. Qd2 Qe7 17. Bf2 Qf8 18. Rad1 Bh6 19. Bh4 Rac8 20. Bc4 f6
21. Bg3 Ne5 22. Nxe5 fxe5 23. Ne2 Rc7 24. Rf1 Rf7 25. Rf3 Qe7 26. Rdf1 exf4
27. Bxf4 Bxf4 28. Rxf4 Ref8 29. Qc3 Rxf4 30. Rxf4 Re8 31. h4 Bc8 32. Ng3
Bd7 33. h5 b5 34. axb5 axb5 35. Be2 Rf8 36. Rxf8+ Qxf8 37. e5 Nxd5 38. Qd2
Nf4 39. Bf3 gxh5 40. Ne4 Ng6 41. Nf6+ Kg7 42. Nxd7 1-0

[Event "15th ETC"]
[Site "Gothenburg SWE"]
[Date "2005.07.30"]
[Round "1"]
[White "Aronian,L"]
[Black "Rozentalis,E"]
[Result "1/2-1/2"]
[WhiteElo "2724"]
[BlackElo "2567"]
[EventDate "2005.07.30"]

1. c4 Nf6 2. Nc3 e6 3. e4 d5 4. e5 d4 5. exf6 dxc3 6. bxc3 Qxf6 7. Nf3 e5
8. d4 exd4 9. Bg5 Qe6+ 10. Be2 Be7 11. cxd4 Bxg5 12. Nxg5 Qe7 13. Qd2 O-O
14. f4 Bg4 15. Kf2 Qxe2+ 16. Qxe2 Bxe2 17. Kxe2 Nd7 18. Rab1 Rfe8+ 19. Kd3
h6 20. Ne4 Rad8 21. g4 b6 22. Rhe1 Nf8 23. f5 Nd7 24. Kc3 Kf8 25. h3 Re7
26. Ng3 Rde8 27. Rxe7 Rxe7 28. Kd3 c5 29. f6 Nxf6 30. dxc5 bxc5 31. Nf5
Rd7+ 32. Kc2 Kg8 33. Re1 Rc7 34. a4 Kh7 35. a5 g6 36. Nd6 Rd7 37. Rd1 a6
38. Rd3 Re7 39. Rb3 Re2+ 40. Kc1 Ne4 41. Nxf7 Kg7 42. Ne5 Nd6 43. Rb6 Rxe5
44. Rxd6 Re4 45. Rxa6 Rxc4+ 46. Kb2 Rb4+ 47. Ka3 Rb1 48. h4 Kf7 49. Ra8 h5
50. g5 Ke6 51. a6 Kf5 52. Ka4 Kg4 53. Rg8 Kxh4 54. Rxg6 c4 55. Ka5 c3 56.
Rc6 Ra1+ 57. Kb6 Kxg5 1/2-1/2

[Event "15th ETC"]
[Site "Gothenburg SWE"]
[Date "2005.07.30"]
[Round "1"]
[White "Lputian,S"]
[Black "Kveinys,A"]
[Result "1/2-1/2"]
[WhiteElo "2629"]
[BlackElo "2510"]
[EventDate "2005.07.30"]

1. d4 Nf6 2. c4 e6 3. Nf3 d5 4. Nc3 Nbd7 5. Bg5 c6 6. e3 Qa5 7. cxd5 Nxd5
8. Qd2 Bb4 9. Rc1 h6 10. Bh4 c5 11. a3 Bxc3 12. bxc3 b6 13. c4 Qxd2+ 14.
Nxd2 Ne7 15. f3 Nf5 16. Bf2 Nd6 17. Be2 Ba6 18. O-O Ke7 19. Rc2 Rhc8 20.
Rfc1 Nb7 21. Nb3 Nd8 22. Kf1 f6 23. Bg3 Bb7 24. Bd3 Bc6 25. Rb2 Nb7 26. h4
Rd8 27. Be2 Rac8 28. Bf2 Ba4 29. Nd2 Nb8 30. Ne4 Be8 31. Nxc5 Nxc5 32. dxc5
Rxc5 33. e4 Rc7 34. c5 Nd7 35. Rbc2 Nxc5 36. Bxc5+ bxc5 37. Rxc5 Rb7 38.
Rc7+ Rd7 39. Rxb7 Rxb7 40. Rc5 e5 41. Ra5 g5 42. hxg5 hxg5 43. Bc4 Rc7 44.
Bd5 Bd7 45. Kf2 Rc2+ 46. Kg3 Rc7 47. Ra6 Bc8 48. Ra4 Bd7 49. Ra5 Kd6 50.
Bb3 Ke7 51. Bd5 1/2-1/2

[Event "15th ETC"]
[Site "Gothenburg SWE"]
[Date "2005.07.30"]
[Round "1"]
[White "Sakalauskas,V"]
[Black "Anastasian,A"]
[Result "1/2-1/2"]
[WhiteElo "2473"]
[BlackElo "2595"]
[EventDate "2005.07.30"]

1. d4 Nf6 2. c4 e6 3. Nc3 Bb4 4. Qc2 O-O 5. Nf3 c5 6. dxc5 Na6 7. e3 Nxc5
8. Bd2 b6 9. Be2 Bb7 10. O-O Nce4 11. Nxe4 Bxe4 12. Bd3 Bxd3 13. Qxd3
1/2-1/2

[Event "15th ETC"]
[Site "Gothenburg SWE"]
[Date "2005.07.30"]
[Round "1"]
[White "Sepp,O"]
[Black "Fressinet,L"]
[Result "1/2-1/2"]
[WhiteElo "2462"]
[BlackElo "2627"]
[EventDate "2005.07.30"]

1. e4 c5 2. Ne2 Nf6 3. Nbc3 d5 4. exd5 Nxd5 5. Nxd5 Qxd5 6. d4 e5 7. dxe5
Qxe5 8. c3 Be7 9. Bf4 Qf6 10. Be3 O-O 11. Nf4 Rd8 12. Nd5 Qe5 13. Nxe7+
Qxe7 14. Qh5 b6 15. Be2 Ba6 16. Bxa6 Nxa6 17. O-O Nc7 18. Rfe1 Ne6 19. Rad1
Qe8 20. b3 c4 21. Qf5 Qc6 22. Qc2 Re8 23. h3 b5 24. b4 a5 25. a3 h6 26. Qf5
axb4 27. axb4 Ra3 28. Qd5 Qxd5 29. Rxd5 Rxc3 30. Rxb5 Nf4 31. Rb7 Rb3 32.
Ra1 Nd5 33. Raa7 Nxe3 34. fxe3 Rexe3 35. Rxf7 Rg3 36. Rf2 Rxb4 37. Rc7 c3
1/2-1/2

[Event "15th ETC"]
[Site "Gothenburg SWE"]
[Date "2005.07.30"]
[Round "1"]
[White "Bauer,Ch"]
[Black "Seeman,T"]
[Result "1-0"]
[WhiteElo "2641"]
[BlackElo "2405"]
[EventDate "2005.07.30"]

1. d4 Nf6 2. c4 g6 3. Nf3 Bg7 4. g3 O-O 5. Bg2 d6 6. O-O Nbd7 7. Nc3 e5 8.
e3 Re8 9. b3 c6 10. a4 a6 11. Ra2 Qa5 12. Bd2 Qc7 13. a5 Nf8 14. e4 Bg4 15.
d5 c5 16. Qb1 Bxf3 17. Bxf3 N8d7 18. Bg2 h5 19. Qd3 h4 20. Bh3 Kh7 21. Qf3
Rh8 22. Bg5 Kg8 23. Kg2 Rh5 24. Be3 Rh8 25. g4 Re8 26. Na4 Qd8 27. Kh1 Bf8
28. Rg1 Be7 29. g5 Nh5 30. b4 cxb4 31. Bxd7 Qxd7 32. Nb6 Qc7 33. Rb2 Bd8
34. Rxb4 Qe7 35. c5 dxc5 36. Rc4 Bxb6 37. axb6 Rc8 38. Rgc1 Kg7 39. Rxc5
Rxc5 40. Rxc5 Nf4 41. Bxf4 Qxc5 42. Bxe5+ Kg8 43. Bxh8 Kxh8 44. Qxf7 Qc1+
45. Kg2 h3+ 46. Kxh3 Qxg5 47. Qe8+ Kg7 48. Qd7+ Kh6 49. Qd6 Qg1 50. Qf4+ g5
51. Qf3 Qf1+ 52. Kg4 Qg1+ 53. Kf5 Qxh2 54. e5 Kg7 55. Ke6 Qh4 56. d6 Qc4+
57. Ke7 Qc5 58. Qxb7 Qxe5+ 59. Kd8+ Kg6 60. Qc6 Kf7 61. Qd7+ 1-0

[Event "15th ETC"]
[Site "Gothenburg SWE"]
[Date "2005.07.30"]
[Round "1"]
[White "Sokolov,I"]
[Black "Georgiev,Vl"]
[Result "1-0"]
[WhiteElo "2691"]
[BlackElo "2532"]
[EventDate "2005.07.30"]

1. d4 d5 2. c4 c6 3. Nc3 Nf6 4. Nf3 a6 5. e3 e6 6. b3 Bb4 7. Bd2 O-O 8. Bd3
dxc4 9. bxc4 c5 10. O-O Nc6 11. Ne4 cxd4 12. exd4 Be7 13. Be3 b5 14. cxb5
Nb4 15. Nxf6+ Bxf6 16. Be4 Nd5 17. Qd3 g6 18. a4 axb5 19. axb5 Bb7 20. Bh6
Re8 21. Rxa8 Qxa8 22. Ne5 Ne7 23. Qf3 1-0

[Event "15th ETC"]
[Site "Gothenburg SWE"]
[Date "2005.07.30"]
[Round "1"]
[White "Timman,J"]
[Black "Jacimovic,D"]
[Result "1-0"]
[WhiteElo "2625"]
[BlackElo "2438"]
[EventDate "2005.07.30"]

1. e4 e6 2. d4 d5 3. Nc3 Bb4 4. e5 c5 5. a3 Bxc3+ 6. bxc3 Qa5 7. Bd2 Qa4 8.
Qb1 c4 9. Nh3 f6 10. Be2 fxe5 11. dxe5 Nc6 12. f4 Nge7 13. Bh5+ g6 14. Bf3
Bd7 15. O-O O-O-O 16. Qb2 h6 17. Rfe1 Rdg8 18. Nf2 h5 19. Nh3 Nf5 20. Reb1
b6 21. Ng5 Rg7 22. Be1 Kc7 23. Bf2 Rb8 24. h3 Nh6 25. Qc1 Nf7 26. Bh4 Rf8
27. Qd2 Nxg5 28. Bxg5 Rgf7 29. Re1 Bc8 30. Kh2 Rd7 31. Bf6 Rdf7 32. g4 hxg4
33. hxg4 Rxf6 34. exf6 Rxf6 35. Kg3 Bd7 36. Re2 Qa5 37. Qe3 Rf7 38. a4 Re7
39. Rd2 Rf7 40. Rh2 Re7 41. Rd2 Rf7 42. Rdd1 Kc8 43. Rh1 Re7 44. Rh8+ Kc7
45. Qd2 Qc5 46. Rah1 Qd6 47. Rg8 e5 48. Qxd5 exf4+ 49. Kf2 Qxd5 50. Bxd5
Ne5 51. g5 Bxa4 52. Be4 Bc6 53. Re1 a5 54. Rf8 f3 55. Rf4 a4 56. Bxc6 Kxc6
57. Rxc4+ Nxc4 58. Rxe7 a3 59. Re1 Nd2 60. Ra1 Kd5 61. Rxa3 Ne4+ 62. Kxf3
Nxg5+ 63. Ke2 Kc4 64. Ke3 b5 65. Rb3 Nf7 66. Kd2 Nd6 67. Rb4+ Kd5 68. Kd3
Ke5 69. Rb1 g5 70. Re1+ Kf4 71. Re6 Nc4 72. Rf6+ Ke5 73. Rf8 g4 74. Ke2 Nd6
75. Rb8 Kf4 76. Rf8+ Ke5 77. Rd8 Ne4 78. Rc8 Kf4 79. c4 b4 80. c5 g3 81.
Rf8+ Kg4 82. c6 1-0

[Event "15th ETC"]
[Site "Gothenburg SWE"]
[Date "2005.07.30"]
[Round "1"]
[White "Kizov,A"]
[Black "Van den Doel,E"]
[Result "1/2-1/2"]
[WhiteElo "2418"]
[BlackElo "2587"]
[EventDate "2005.07.30"]

1. d4 Nf6 2. c4 e6 3. Nf3 b6 4. a3 Ba6 5. Qb3 Be7 6. Nc3 d5 7. cxd5 Nxd5 8.
e4 Bxf1 9. Kxf1 Nxc3 10. Qxc3 O-O 11. g3 c5 12. dxc5 bxc5 13. Kg2 Nd7 14.
Bf4 Qb6 15. Ne5 Rfd8 16. Rhd1 Qb7 17. Nxd7 Rxd7 18. Rxd7 Qxd7 19. Be5 Bf8
20. Qc4 Rd8 21. Rc1 Qd2 22. Qc2 Qd7 23. Qc4 h6 24. Bf4 Qb7 25. Be5 Be7 26.
Rc2 Kh7 27. Re2 a6 28. Bc3 Qb5 29. Qxb5 axb5 30. Rd2 Rxd2 31. Bxd2 c4 32.
Bc3 Bc5 33. g4 Kg6 34. f4 f6 35. Kf3 Kf7 36. h4 g6 37. f5 exf5 38. exf5
gxf5 39. gxf5 h5 40. Kg3 Be7 41. Bb4 1/2-1/2

[Event "15th ETC"]
[Site "Gothenburg SWE"]
[Date "2005.07.30"]
[Round "1"]
[White "Guseinov,G"]
[Black "Gunnarsson,Arn"]
[Result "1-0"]
[WhiteElo "2585"]
[BlackElo "2438"]
[EventDate "2005.07.30"]

1. e4 e5 2. Nf3 Nc6 3. Bb5 a6 4. Ba4 Nf6 5. d3 d6 6. O-O Bg4 7. c3 Be7 8.
Nbd2 Nd7 9. h3 Bh5 10. Re1 O-O 11. Bc2 Re8 12. g4 Bg6 13. Nf1 Nf8 14. Ne3
Ne6 15. Nd5 Rc8 16. b4 Nb8 17. d4 Nd7 18. Kh2 Bh4 19. Rf1 h6 20. Ne3 Bg5
21. Nf5 Bxc1 22. Qxc1 Qf6 23. Qd2 Ng5 24. Nxg5 hxg5 25. d5 Bxf5 26. gxf5
Qh6 27. Rg1 f6 28. Ba4 Re7 29. c4 Kf7 30. c5 Rh8 31. Rg3 Qh4 32. Qe2 g6 33.
Bxd7 Rxd7 34. c6 bxc6 35. dxc6 Re7 36. fxg6+ Kxg6 37. Rd1 Qf4 38. Kg2 Rh4
39. Re1 Reh7 40. Qe3 f5 41. Qc3 fxe4 42. a4 Rf7 43. Qc2 Qf5 44. b5 axb5 45.
axb5 Kh6 46. b6 cxb6 47. Rd1 Qf6 48. c7 Rf4 49. c8=Q Rxf2+ 50. Kh1 Rxc2 51.
Qxc2 Qf4 52. Qg2 e3 53. Re1 e4 54. Rgxe3 d5 55. Rg3 b5 56. Rg1 Rf5 57. h4
d4 58. Rg4 Qf3 1-0

[Event "15th ETC"]
[Site "Gothenburg SWE"]
[Date "2005.07.30"]
[Round "1"]
[White "Nisipeanu,LD"]
[Black "Johannessen,LE"]
[Result "1/2-1/2"]
[WhiteElo "2679"]
[BlackElo "2543"]
[EventDate "2005.07.30"]

1. e4 c5 2. Nf3 Nc6 3. d4 cxd4 4. Nxd4 Nf6 5. Nc3 e5 6. Ndb5 d6 7. Bg5 a6
8. Na3 b5 9. Nd5 Be7 10. Bxf6 Bxf6 11. c3 Bg5 12. Nc2 Rb8 13. Be2 O-O 14.
O-O a5 15. Qd3 Ne7 16. Nce3 Bxe3 17. Nxe3 Qb6 18. Rfb1 Be6 19. b4 Rfd8 20.
bxa5 Qxa5 21. a4 bxa4 22. Rxb8 Rxb8 23. Qxd6 Re8 24. Qa3 Bd7 25. Nc4 Qc7
26. Nd6 Rb8 27. Bc4 Be6 28. Bxe6 fxe6 29. c4 Nc8 30. Nxc8 Rxc8 31. Qxa4
Qxc4 1/2-1/2

[Event "15th ETC"]
[Site "Gothenburg SWE"]
[Date "2005.07.30"]
[Round "1"]
[White "Lie,K"]
[Black "Nevednichy,V"]
[Result "0-1"]
[WhiteElo "2472"]
[BlackElo "2583"]
[EventDate "2005.07.30"]

1. c4 g6 2. g3 Bg7 3. Bg2 c5 4. Nc3 Nc6 5. a3 Nf6 6. Nh3 O-O 7. Nf4 d6 8.
O-O a5 9. d3 Rb8 10. Bd2 Bd7 11. Rb1 Ne8 12. Nb5 e6 13. e3 b6 14. Qe2 Ne7
15. b4 Bxb5 16. cxb5 axb4 17. axb4 Nc7 18. bxc5 dxc5 19. d4 cxd4 20. exd4
Ncd5 21. Rfc1 Bxd4 22. Rd1 e5 23. Nxd5 Nxd5 24. Rbc1 Re8 25. Rc6 Nc7 26.
Kh1 Ne6 27. f4 exf4 28. Qc4 Be3 29. Bd5 Bxd2 30. Rxd2 fxg3 31. hxg3 Qg5 32.
Rf2 Qxg3 33. Rf3 Qe5 34. Rf1 Rbd8 35. Bg2 Rd4 0-1

[Event "15th ETC"]
[Site "Gothenburg SWE"]
[Date "2005.07.30"]
[Round "1"]
[White "Parligras,M"]
[Black "Elsness,F"]
[Result "1/2-1/2"]
[WhiteElo "2571"]
[BlackElo "2440"]
[EventDate "2005.07.30"]

1. e4 e5 2. Nf3 Nc6 3. Bb5 Nf6 4. d3 d6 5. O-O Be7 6. c3 O-O 7. Re1 a6 8.
Ba4 b5 9. Bc2 Re8 10. Nbd2 Bf8 11. Nf1 h6 12. Ng3 g6 13. d4 Bg7 14. h3 Bb7
15. b3 a5 16. d5 Nb8 17. Be3 Na6 18. Qd2 Kh7 19. c4 b4 20. Nh2 Bc8 21. Rf1
Nc5 22. a3 Rb8 23. axb4 axb4 24. Ra7 Nfd7 25. Rfa1 Rb6 26. R7a5 Ba6 27. Nf3
Qc8 28. Ne1 c6 29. Nd3 cxd5 30. exd5 e4 31. Nxb4 Bxa1 32. Rxa1 Qb7 33. Nxa6
Rxa6 34. Rxa6 Qxa6 35. b4 Nb7 36. Qd4 f5 37. Bc1 Ne5 38. c5 dxc5 39. bxc5
Qc4 40. Qxc4 Nxc4 41. c6 Nbd6 42. Ne2 Ra8 43. Bb3 g5 44. Bxc4 Nxc4 45. Be3
Rd8 46. Nc3 Rc8 47. Nb5 f4 48. Bc5 e3 49. fxe3 fxe3 50. Kf1 Kg6 51. Na7 Rb8
52. c7 Rb1+ 53. Ke2 Rb2+ 54. Kf3 e2 55. Bf2 Nd6 56. c8=Q Nxc8 57. Nxc8 Kf6
58. Nd6 h5 59. Ne4+ Kf5 60. g4+ hxg4+ 61. hxg4+ Ke5 62. Nc3 Rb3 63. Be1 Rb2
64. Ke3 Rb4 65. Bg3+ Kf6 66. Ne4+ Kg6 67. d6 Kf7 68. Nxg5+ Kf6 69. d7 Rb3+
70. Kxe2 Ke7 71. Ne4 Rb2+ 72. Kf3 Kxd7 73. g5 Ke6 74. Kf4 Rb4 75. Be1 Rb1
76. Bc3 Kf7 77. Bd4 Kg6 78. Be3 Rb4 79. Ke5 Rb5+ 80. Ke6 Rb1 81. Bd2 Rb2
82. Bf4 Rb5 83. Be3 Ra5 84. Bf4 Rb5 85. Be5 Rb4 86. Kd5 Rxe4 87. Kxe4 Kxg5
1/2-1/2

[Event "15th ETC"]
[Site "Gothenburg SWE"]
[Date "2005.07.30"]
[Round "1"]
[White "Nordahl,H"]
[Black "Lupulescu,C"]
[Result "0-1"]
[WhiteElo "2423"]
[BlackElo "2542"]
[EventDate "2005.07.30"]

1. d4 Nf6 2. c4 g6 3. Nc3 d5 4. cxd5 Nxd5 5. e4 Nxc3 6. bxc3 c5 7. Be3 Bg7
8. Nf3 Qa5 9. Qd2 Nc6 10. Rb1 cxd4 11. cxd4 Qxd2+ 12. Kxd2 O-O 13. d5 Na5
14. Bd3 e6 15. Bc5 Rd8 16. Be7 Rd7 17. d6 a6 18. Rb6 Nc6 19. Rxc6 bxc6 20.
Rb1 Bb7 21. e5 c5 22. Rxb7 Rxb7 23. Be4 Rxe7 24. Bxa8 Re8 25. Bc6 Rc8 26.
Bb7 Rb8 27. Bxa6 Kf8 28. Kc3 Rb6 29. Bc4 Rxd6 30. a4 Rd1 31. Bb5 Ke7 32.
Kc2 Rd8 33. a5 Rc8 34. Kb3 Rc7 35. Kc4 Kd8 36. h3 h6 37. Ba4 Kc8 38. Bc2
Ra7 39. Kb5 Rb7+ 40. Kc6 Rc7+ 41. Kb6 c4 42. Nd4 Bxe5 43. Nc6 Rb7+ 44. Kc5
Rb2 45. Be4 c3 46. Nxe5 c2 47. Nd3 Rb3 48. Nc1 Rb1 49. Ne2 Re1 50. Bxc2
Rxe2 51. Bd3 Rxf2 52. Kb6 Rxg2 53. a6 Rb2+ 0-1

[Event "15th ETC"]
[Site "Gothenburg SWE"]
[Date "2005.07.30"]
[Round "1"]
[White "Votava,J"]
[Black "Carlsson,P"]
[Result "1/2-1/2"]
[WhiteElo "2542"]
[BlackElo "2394"]
[EventDate "2005.07.30"]

1. d4 Nf6 2. c4 e6 3. Nf3 b6 4. g3 Ba6 5. b3 Bb7 6. Bg2 Bb4+ 7. Bd2 a5 8.
O-O O-O 9. a3 Be7 10. Nc3 Na6 11. Qc2 d5 12. cxd5 exd5 13. Ne5 c5 14. dxc5
Nxc5 15. b4 axb4 16. axb4 Rxa1 17. Rxa1 d4 18. Bxb7 dxc3 19. bxc5 cxd2 20.
Nc6 Qd7 21. Nxe7+ Qxe7 22. Bf3 bxc5 23. Qxd2 h6 24. h4 Qe5 25. Ra5 1/2-1/2

[Event "15th ETC"]
[Site "Gothenburg SWE"]
[Date "2005.07.30"]
[Round "1"]
[White "Lutz,C"]
[Black "Nyback,T"]
[Result "1/2-1/2"]
[WhiteElo "2616"]
[BlackElo "2571"]
[EventDate "2005.07.30"]

1. e4 e5 2. Nf3 Nc6 3. Bb5 a6 4. Ba4 Nf6 5. O-O Be7 6. Re1 b5 7. Bb3 O-O 8.
h3 d6 9. c3 Nb8 10. d4 Nbd7 11. Nbd2 Bb7 12. Bc2 Re8 13. Nf1 Bf8 14. Ng3 g6
15. b3 Bg7 16. d5 Qe7 17. Bg5 c6 18. c4 bxc4 19. bxc4 Rec8 20. Rb1 Nc5 21.
Nd2 Qc7 22. Qf3 Nfd7 23. h4 a5 24. h5 Ba6 25. Ngf1 cxd5 26. cxd5 Rab8 27.
Nh2 h6 28. hxg6 fxg6 29. Be3 Nf6 30. Ng4 Nxg4 31. Qxg4 Kh7 32. Nf3 Rxb1 33.
Rxb1 Rb8 34. Rxb8 Qxb8 35. Nh4 Qe8 36. Bd2 a4 37. Bb4 Bc8 38. Qg3 Bd7 39.
Qc3 Qf8 40. Nf3 Qf4 41. Qd2 Qf6 42. Qe3 Qf8 43. Ne1 Bb5 44. Nf3 g5 45. Nd2
Kg6 46. Nf1 Bxf1 47. Kxf1 g4 48. Bxc5 dxc5 49. Bxa4 Qb8 50. Qb3 Qb4 51. Qd1
h5 52. Be8+ Kg5 53. d6 Qc4+ 54. Kg1 Qd4 55. Qc1+ Kf6 56. d7 g3 57. Qe1 Ke7
58. Kf1 Qd3+ 59. Kg1 Qd4 60. Kf1 Qd3+ 61. Kg1 Qd4 1/2-1/2

[Event "15th ETC"]
[Site "Gothenburg SWE"]
[Date "2005.07.30"]
[Round "1"]
[White "Sammalvuo,T"]
[Black "Gustafsson,J"]
[Result "0-1"]
[WhiteElo "2441"]
[BlackElo "2614"]
[EventDate "2005.07.30"]

1. e4 e5 2. Nf3 Nc6 3. Bb5 a6 4. Ba4 Nf6 5. O-O Be7 6. Re1 b5 7. Bb3 O-O 8.
h3 Bb7 9. d3 d6 10. a3 Qd7 11. Nc3 Rfe8 12. Nd5 Nxd5 13. Bxd5 Nd8 14. Bxb7
Nxb7 15. d4 exd4 16. Qxd4 Rad8 17. Bg5 Nc5 18. Bxe7 Qxe7 19. Nd2 Qe5 20.
Qxe5 dxe5 21. Nf3 f6 22. Re3 Re7 23. Kf1 Rd6 24. Ke1 Red7 25. g3 g5 26. b3
h5 27. Kf1 Kf7 28. a4 b4 29. Rae1 Ke6 30. R1e2 Ke7 31. Kg2 a5 32. Kf1 Kf7
33. Re1 Ne6 34. R1e2 Ke7 35. c3 c5 36. cxb4 cxb4 37. Rc2 Rd1+ 38. Kg2 R7d3
39. Rxd3 Rxd3 40. Rb2 Rc3 41. Nd2 Nd4 42. Rb1 Rd3 43. Rb2 h4 44. Nc4 Nxb3
45. gxh4 gxh4 46. Ne3 Ke6 47. Kh2 Nc5 48. Nc4 Nxa4 49. Ra2 Nc3 50. Rxa5
Nxe4 51. Kg2 Rd4 52. Ne3 Rd2 53. Ng4 b3 54. Rb5 b2 55. Kf3 Nc3 56. Rb6+ Kd7
57. Rb7+ Kd8 0-1

[Event "15th ETC"]
[Site "Gothenburg SWE"]
[Date "2005.07.30"]
[Round "1"]
[White "Graf,A"]
[Black "Karttunen,M"]
[Result "1-0"]
[WhiteElo "2605"]
[BlackElo "2409"]
[EventDate "2005.07.30"]

1. d4 d5 2. c4 c6 3. Nf3 Nf6 4. Nc3 a6 5. g3 dxc4 6. a4 Nd5 7. a5 Bf5 8.
Bg2 Nb4 9. O-O Bc2 10. Qd2 Bb3 11. Qf4 Nd7 12. Nd2 e6 13. Nxb3 cxb3 14. Ne4
Nf6 15. Nc5 Nbd5 16. Qf3 Bxc5 17. dxc5 Nd7 18. e4 Nc7 19. Qxb3 Nb5 20. Qc2
Qe7 21. b4 O-O-O 22. Bb2 f6 23. Rad1 Rhe8 24. e5 f5 25. Rd6 Nb8 26. Rfd1
Qf7 27. Bf1 Nxd6 28. cxd6 Kd7 29. Qc5 Rg8 30. Qa7 Ke8 31. Bd4 Qd7 32. Bb6
Rc8 33. Bc7 Rxc7 34. dxc7 Qxc7 35. Bc4 Kf7 36. Rd6 Re8 37. Qd4 Re7 38. Qh4
Kg8 39. Bxe6+ Kh8 40. Bxf5 h6 41. Bd3 1-0

[Event "15th ETC"]
[Site "Gothenburg SWE"]
[Date "2005.07.30"]
[Round "1"]
[White "Maki Uuro,Mi"]
[Black "Dautov,R"]
[Result "1/2-1/2"]
[WhiteElo "2390"]
[BlackElo "2595"]
[EventDate "2005.07.30"]

1. Nf3 d5 2. d4 Nf6 3. c4 c6 4. Nc3 a6 5. c5 Bf5 6. Bf4 e6 7. e3 Nbd7 8.
Nd2 Be7 9. Be2 Bg6 10. b4 Qc8 11. O-O O-O 12. a4 b6 13. cxb6 Nxb6 14. Qb3
Nh5 15. Bxh5 Bxh5 16. Rfc1 Qb7 17. b5 cxb5 18. axb5 Rfc8 19. bxa6 Rxa6 20.
h3 h6 21. Rcb1 Rxa1 22. Rxa1 Qc6 23. Nb5 Qc2 24. Qxc2 Rxc2 25. Nf1 Be2 26.
Nd6 g5 27. Be5 f6 28. Bh2 h5 29. Nb7 h4 30. Bd6 Bxd6 31. Nxd6 Nc4 32. Nb7
e5 33. Nc5 e4 34. Nh2 Kf7 35. Ng4 Nb2 36. Ra7+ Kg6 37. Ne6 Rc1+ 38. Kh2 Rc8
39. Rg7+ Kf5 40. Nc7 Bxg4 41. hxg4+ Kxg4 42. Nxd5 Rc6 43. Rf7 Kf5 44. Ne7+
Ke6 45. Rxf6+ Kxf6 46. Nxc6 Nd1 47. Kg1 g4 48. Ne5 Kf5 49. Nc4 Ke6 50. Kf1
Kd5 51. Nb6+ Kc6 52. Nc4 Kd5 53. Nb6+ Kc6 1/2-1/2